Bojack Horseman Characters by the Pictures - Statistics

General Stats
  • This quiz has been taken 20 times
  • The average score is 14 of 38
Answer Stats
Picture Answer % Correct
bojack horseman
100%
mr peanutbutter
89%
sarah lynn
78%
secretariat
72%
todd chavez
72%
diane nguyen
67%
herb kazzaz
67%
hollyhock
67%
princess carolyn
67%
beatrice horseman
44%
guy
44%
crackerjack sugarman
39%
margo martindale
39%
butterscotch horseman
33%
emily
33%
honey sugarman
33%
judah
33%
sonny
33%
vanessa gekko
33%
vincent adultman
33%
doctor champ
28%
joseph sugarman
28%
ralph stilton
28%
ruthie
28%
pete repeat
22%
pinky penguin
22%
sextina aquafina
22%
stefani stilton
22%
ana spanakopita
17%
gina cazador
17%
kelsey jannings
17%
corbin creamerman
11%
henrietta platchkey
11%
charlotte carson
6%
maddy
6%
penny carson
6%
pickles aplenty
6%
wanda pierce
6%
No matching quizzes found
Score Distribution
Percent of People with Each Score
Percentile by Number Answered
Your Score History
You have not taken this quiz